Nurul Hidayah

Bibliographic Details
Main Author: Hasan Ali
Format: Book
Published: Kuala Lumpur : Dewan Bahasa Dan Pustaka , 1990
Subjects:

MARC

LEADER 00000cam a2200000 7i4500
001 0000009364
002 000010197
005 20000330.0
020 |a 983620637X 
090 0 0 |a F   |b HAS 
100 0 |a Hasan Ali 
245 1 0 |a Nurul Hidayah   |c Hasan Ali 
260 |a Kuala Lumpur :   |b Dewan Bahasa Dan Pustaka ,   |c 1990 
300 |a 416p. ;   |c 24cm. 
650 0 0 |a General fiction, Malay 
999 |a 039591   |b BUKU   |c PINJAMAN   |e PERPUSTAKAAN KOMUNITI PETALING JAYA 
999 |a 039592   |b BUKU   |c PINJAMAN   |e PERPUSTAKAAN KOMUNITI PETALING JAYA